Empower your vocabulary: (Record no. 30779)

MARC details
000 -LEADER
fixed length control field 00902nam a22002417a 4500
005 - DATE AND TIME OF LATEST TRANSACTION
control field 20091005140955.0
008 - FIXED-LENGTH DATA ELEMENTS--GENERAL INFORMATION
fixed length control field 091005t xxu||||| |||| 00| 0 eng d
010 ## - LCCN (DPL NO)
LC control number ENG-95072
020 ## - INTERNATIONAL STANDARD BOOK NUMBER
International Standard Book Number 9789380236124
Terms of availability 75.00
035 ## - SYSTEM CONTROL NUMBER
System control number EN-78605
037 ## - SOURCE OF ACQUISITION
Source of stock number/acquisition DBAD/PUB
040 ## - CATALOGING SOURCE
Original cataloging agency DPL
082 ## - DEWEY DECIMAL CLASSIFICATION NUMBER
Classification number 488.1
100 ## - MAIN ENTRY--PERSONAL NAME
Personal name Subbulakshmi, V.
240 ## - UNIFORM TITLE
Uniform title <a href="Empower your vocabulary">Empower your vocabulary</a>
Medium ENG
245 ## - TITLE STATEMENT
Title Empower your vocabulary:
Statement of responsibility, etc V. Subbulakshmi
Remainder of title (with key to practice exercises) /
260 ## - PUBLICATION, DISTRIBUTION, ETC. (IMPRINT)
Place of publication, distribution, etc Tamilnadu
Name of publisher, distributor, etc Printmagic Publishing House
Date of publication, distribution, etc 2009
270 ## - ADDRESS
Address 2, 1st f., Guru Comples , Thanjavur
City Thanjavur
Postal code 613007
Telephone number 04362-277308
300 ## - PHYSICAL DESCRIPTION
Extent 106p.
Dimensions 21 cm.(pbk)
650 ## - SUBJECT ADDED ENTRY--TOPICAL TERM
Topical term or geographic name as entry element Vocabulary
942 ## - ADDED ENTRY ELEMENTS (KOHA)
Source of classification or shelving scheme Dewey Decimal Classification
Item type English Books
Call number suffix SUB
Classification part 488.1
Holdings
Withdrawn status Lost status Source of classification or shelving scheme Damaged status Not for loan Collection code Home library Current library Date acquired Source of acquisition Cost, normal purchase price Total Checkouts Full call number Barcode Date last seen Copy number Cost, replacement price Koha item type
    Dewey Decimal Classification   Not For Loan Non-fiction D.B.Act.Division D.B.Act.Division 30/09/2009 DBAD / PUB 75.00   488.1 SUB EN-78605 05/10/2009 1 75.00 English Books

© Delhi Public Library
Hit Counter
free hit counter